| 000 | 00488cam a2200181 a 4500 | ||
|---|---|---|---|
| 001 | 000003774 | ||
| 003 | DO-SdBNP | ||
| 005 | 20250702095245.0 | ||
| 007 | ta | ||
| 008 | 790718r19331930nyu b 001 0 eng | ||
| 040 |
_aDO-SdBNP _bspa _cBNPHU |
||
| 082 | 4 |
_bR643a _222 |
|
| 100 | 1 |
_aRoberts, Kenneth Lewis, _d1885-1957 _911481 |
|
| 245 | 1 | 0 |
_aArundel / _cKenneth Roberts. |
| 260 |
_aGarden City, New York : _bDoubleday & company, _c1933. |
||
| 300 |
_a486 p. ; _c22 cm. |
||
| 942 |
_2ddc _cLBS1 |
||
| 999 |
_c3596 _d3596 |
||